Cooperative peace in Asia /
Đã lưu trong:
| Andre forfattere: | |
|---|---|
| Format: | Sách giấy |
| Sprog: | Vietnamese |
| Udgivet: |
New Delhi :
IDSA,
1998
|
| Tags: |
Tilføj Tag
Ingen Tags, Vær først til at tagge denne postø!
|
| Thư viện lưu trữ: | Thư viện Trường Đại học Đà Lạt |
|---|
| LEADER | 00625nam a2200265 4500 | ||
|---|---|---|---|
| 001 | DLU030025428 | ||
| 005 | ##20021230 | ||
| 008 | ##021230t vn z000 vie d | ||
| 040 | # | # | |a DLU |b vie |
| 041 | # | # | |a vie |
| 044 | # | # | |a vn |
| 082 | # | # | |a 327.17 |b Coo |
| 245 | # | # | |a Cooperative peace in Asia / |c Jasjit Singh edited |
| 260 | # | # | |a New Delhi : |b IDSA, |c 1998 |
| 300 | # | # | |a 157 tr. ; |c 23 cm |
| 700 | # | # | |a Singh, Jasjit |
| 992 | # | # | |a 4710 |
| 994 | # | # | |a DLU |
| 900 | # | # | |a True |
| 911 | # | # | |a Thái Thị Thanh Thủy |
| 925 | # | # | |a G |
| 926 | # | # | |a A |
| 927 | # | # | |a SH |
| 980 | # | # | |a Thư viện Trường Đại học Đà Lạt |